| 000 | 00521cam a22001934a 4500 | ||
|---|---|---|---|
| 005 | 20250605164129.0 | ||
| 008 | 250528s ||||||||||||||||||||||||d | ||
| 035 | _a18590 | ||
| 040 |
_aGR-AtMCL _bgre _dGR-AtMCL _eAACR2 |
||
| 245 | 1 | _aBasic First Aid / Βοοκ 1 | |
| 250 | _a1st | ||
| 260 |
_bDoubleday And Company, Inc, _c1971 |
||
| 300 | _a378 | ||
| 520 | _aShock, Bleeding, Breathing, Poisoning. | ||
| 710 | 2 |
_aThe American National Red Cross _99757 |
|
| 942 | _cBK | ||
| 999 |
_c3939 _d3939 |
||